00499nam a2200181Ia 450000500170000000800460001703700120006304000200007504100130009508400220010810000220013024500380015225000080019026000530019830000140025149000380026565000140030320250508150635.0008 250505s9999 xx 000 0 eng d aTextual aFEDLbengcFEDL aeng2eng a301.15, BOGqFEDL aBogardus Emory S. 0aFundamentals of social psychology a3rd aNew York, USAbD. Appleton-Century Companyc1942 axii,538p. aThe Century Social Science Series aSociology